000 00620nam a2200205Ia 4500
003 IN-BaIIA
008 211028s9999 xx 000 0 eng d
020 _a978-0-470-69956-0
040 _cIIA Library
080 _a524.3
_bLEB
100 _aLeBlanc, Francis
_934205
245 3 _aAn introduction to stellar astrophysics
_cFrancis LeBlanc
260 _athe Atrium
_bJohn Wiley & Sons
_c2010
300 _axii, 338p.
650 _aStellar Atmospheres
_91135
650 _aStellar evolution
650 _aStellar interiors
_91247
650 _athe Star
_99677
942 _cBK
999 _c17969
_d17969